CALL ME IF YOU GET LOST Tracklist - Statistics

General Stats
  • This quiz has been taken 18 times
  • The average score is 7 of 16
Answer Stats
# Answer Streams Artist(s) % Correct
2 CORSO 139,660,505 Tyler, The Creator
78%
10 SWEET / I THOUGHT YOU WANTED TO DANCE 412,604,449 Tyler, The Creator ft. Brent Faiyaz & Fana Hues
78%
3 LEMONHEAD 137,707,718 Tyler, The Creator ft. 42 Dugg
56%
7 MASSA 90,224,193 Tyler, The Creator
56%
4 WUSYANAME 456,029,986 Tyler, The Creator ft. NBA Youngboy & Ty Dolla $ign
56%
6 HOT WIND BLOWS 181,928,442 Tyler, The Creator ft. Lil Wayne
44%
14 JUGGERNAUT 175,177,363 Tyler, The Creator ft. Lil Uzi Vert & Pharrell Williams
44%
13 BLESSED 49,753,270 Tyler, The Creator
33%
5 LUMBERJACK 173,103,836 Tyler, The Creator
33%
9 MANIFESTO 64,677,056 Tyler, The Creator ft. Domo Genesis
33%
11 MOMMA TALK 32,198,828 Tyler, The Creator
33%
16 SAFARI 70,123,257 Tyler, The Creator
33%
1 SIR BAUDELAIRE 105,790,314 Tyler, The Creator ft. DJ Drama
33%
15 WILSHIRE 103,797,936 Tyler, The Creator
33%
12 RISE! 73,551,099 Tyler, The Creator ft. DAISY WORLD
22%
8 RUNITUP 96,840,423 Tyler, The Creator ft. Teezo Touchdown
22%
No matching quizzes found
Score Distribution
Percent of People with Each Score
Percentile by Number Answered
Your Score History
You have not taken this quiz